书目信息 |
| 题名: |
数字创意大师
|
|
| 作者: | 丁宁 , 王锴 编著 | |
| 分册: | ||
| 出版信息: | 北京 机械工业出版社 2021.05 |
|
| 页数: | 215页 | |
| 开本: | 29cm | |
| 丛书名: | ||
| 单 册: | ||
| 中图分类: | TB472-39 | |
| 科图分类: | ||
| 主题词: | 工业产品--gong ye chan pin--造型设计--计算机辅助设计--应用软件 | |
| 电子资源: | ||
| ISBN: | 978-7-111-67564-8 | |
| 000 | 01257nam0 2200253 450 | |
| 001 | 202021192354 | |
| 005 | 20211025120136.0 | |
| 010 | @a978-7-111-67564-8@dCNY128.00 | |
| 100 | @a20210922d2021 em y0chiy50 ea | |
| 101 | 0 | @achi |
| 102 | @aCN@b110000 | |
| 105 | @aa z 000yy | |
| 106 | @ar | |
| 200 | 1 | @a数字创意大师@Ashu zi chuang yi da shi@eAlias二维与三维概念设计工作流浅析@f丁宁, 王锴编著 |
| 210 | @a北京@c机械工业出版社@d2021.05 | |
| 215 | @a215页@c彩图@d29cm | |
| 330 | @a本书以Autodesk Alias软件在三维造型设计中的应用为切入点, 分析了目前设计师在日常工作中遇到的三维造型设计的挑战, 介绍了Alias在数字草绘、快速建模、参数化辅助设计以及可视化渲染方面的功能优势, 着重讲述了在前期概念设计流程中设计师通过Alias快速地实现从二维到三维的转化过程, 以及如何在转化过程中创造新的造型语言。本书插入了众多的实验性样例, 可帮助设计师更好地理解用二维与三维交互的方式进行创新设计的方法和背后的理念。 | |
| 517 | 1 | @aAlias二维与三维概念设计工作流浅析@AAlias er wei yu san wei gai nian she ji gong zuo liu qian xi |
| 606 | 0 | @a工业产品@Agong ye chan pin@x造型设计@x计算机辅助设计@x应用软件 |
| 690 | @aTB472-39@v5 | |
| 701 | 0 | @a丁宁@Ading ning@4编著 |
| 701 | 0 | @a王锴@Awang kai@4编著 |
| 801 | 0 | @aCN@c20210909 |
| 905 | @a河南城建学院图书馆@dTB472-39@eD552 | |
| 数字创意大师:Alias二维与三维概念设计工作流浅析/丁宁, 王锴编著.-北京:机械工业出版社,2021.05 |
| 215页:彩图;29cm |
| ISBN 978-7-111-67564-8:CNY128.00 |
| 本书以Autodesk Alias软件在三维造型设计中的应用为切入点, 分析了目前设计师在日常工作中遇到的三维造型设计的挑战, 介绍了Alias在数字草绘、快速建模、参数化辅助设计以及可视化渲染方面的功能优势, 着重讲述了在前期概念设计流程中设计师通过Alias快速地实现从二维到三维的转化过程, 以及如何在转化过程中创造新的造型语言。本书插入了众多的实验性样例, 可帮助设计师更好地理解用二维与三维交互的方式进行创新设计的方法和背后的理念。 |
| ● |
| 相关链接 |
|
|
|
正题名:数字创意大师
索取号:TB472-39/D552
 
预约/预借
| 序号 | 登录号 | 条形码 | 馆藏地/架位号 | 状态 | 备注 |
| 1 | 1541437 | 215414371 | 自科库501/501自科库 17排1列2层/ [索取号:TB472-39/D552] | 在馆 |